|
|
|
|
| LEADER |
02203nam a2200565 i 4500 |
| 001 |
001754851 |
| 003 |
CZ BrMZK |
| 005 |
20200813073014.0 |
| 007 |
ta |
| 008 |
200619s2003 xo a e f 001 0dcze |
| 020 |
|
|
|a 80-8046-235-6
|q (vázáno)
|
| 040 |
|
|
|a BOA001
|b cze
|e rda
|
| 041 |
1 |
|
|a cze
|h eng
|
| 043 |
|
|
|a e-uk-en
|
| 045 |
|
|
|a t-u-
|
| 072 |
|
7 |
|a 821.111.09
|x Anglická literatura, anglicky psaná (o ní)
|2 Konspekt
|9 11
|
| 080 |
|
|
|a 821.111-2-051
|2 MRF
|
| 080 |
|
|
|a 821.111-2
|2 MRF
|
| 080 |
|
|
|a 82-2"13/15"
|2 MRF
|
| 080 |
|
|
|a 792.034.5(410.1)
|2 MRF
|
| 080 |
|
|
|a 7.04
|2 MRF
|
| 080 |
|
|
|a (410.1)
|2 MRF
|
| 080 |
|
|
|a (0.062)
|2 MRF
|
| 100 |
1 |
|
|a Mulherin, Jennifer
|7 xx0014500
|4 aut
|
| 240 |
1 |
0 |
|a Best-loved plays of Shakespeare.
|l Česky
|
| 245 |
1 |
0 |
|a William Shakespeare :
|b to nejlepší z tvorby /
|c Jennifer Mulherinová a Abigail Frostová ; z anglického originálu The best-loved plays of Shakespeare přeložila Monika Vosková
|
| 246 |
1 |
|
|i Název v tiráži:
|a William Shakespeare - to nejlepší z tvorby
|
| 250 |
|
|
|a 2. vydání
|
| 264 |
|
1 |
|a Bratislava :
|b Perfekt,
|c 2003
|
| 300 |
|
|
|a 158 stran :
|b barevné ilustrace ;
|c 27 cm
|
| 336 |
|
|
|a text
|b txt
|2 rdacontent
|
| 336 |
|
|
|a statický obraz
|b sti
|2 rdacontent
|
| 337 |
|
|
|a bez média
|b n
|2 rdamedia
|
| 338 |
|
|
|a svazek
|b nc
|2 rdacarrier
|
| 500 |
|
|
|a Obsahuje rejstřík
|
| 500 |
|
|
|a Chronologický přehled
|
| 600 |
1 |
7 |
|a Shakespeare, William,
|d 1564-1616
|7 jn19981002129
|2 czenas
|
| 648 |
|
7 |
|a 16.-17. století
|7 ch757028
|2 czenas
|
| 650 |
0 |
7 |
|a angličtí dramatici
|7 ph114058
|y 16.-17. století
|2 czenas
|
| 650 |
0 |
7 |
|a anglické drama
|7 ph114054
|y 16.-17. století
|2 czenas
|
| 650 |
0 |
7 |
|a renesanční drama
|7 ph125121
|z Anglie
|y 16.-17. století
|2 czenas
|
| 650 |
0 |
7 |
|a alžbětinské divadlo
|7 ph499664
|2 czenas
|
| 650 |
0 |
7 |
|a náměty, témata a motivy
|7 ph138485
|2 czenas
|
| 655 |
|
7 |
|a populárně-naučné publikace
|7 fd131864
|2 czenas
|
| 700 |
1 |
|
|a Frost, Abigail
|7 xx0014501
|4 aut
|
| 700 |
1 |
|
|a Vosková, Monika,
|d 1952-
|7 ola2003182121
|4 trl
|
| 910 |
|
|
|a BOA001
|b 3-1449.281
|
| 990 |
|
|
|a BK
|
| 991 |
|
|
|b 202008
|
| 996 |
7 |
|
|b 2610827553
|c 3-1449.281
|l MZK
|r Sklad / do 1 hodiny
|n 1
|p dar
|w 001809375
|u 000010
|a 1
|e BOA001
|j MZK50
|s A
|